Missing Word: Books Beginning with 'R' Quiz Stats

 Plays Quiz Updated Oct 7, 2015

Challenge
Share
Tweet
Embed
Score 0/20 Timer 04:00
1 Play Today
BOOKS ANSWER % Correct
A Room with a ____View
96.4%
The Red ____ of CourageBadge
95.2%
Robinson ____Crusoe
90.6%
The Rise and Fall of the ____ ReichThird
87.3%
The Remains of the ____Day
83%
Revolutionary ____Road
82.5%
A Room of One's ____Own
79.2%
Rob ____Roy
79%
The Return of the ____King
77.2%
Rites of ____Passage
77.2%
BOOKS ANSWER % Correct
Rabbit, ____Run
75.3%
The Runaway ____Jury
65.7%
Requiem for a ____Dream
62.4%
Remembrance of ____ PastThings
50.3%
The Restaurant at the End of the ____Universe
48.1%
Red ____Dragon
34.2%
The Railway ____Children
29.8%
The Return of the ____Native
25.4%
Red ____ RisingStorm
17.9%
River Out of ____Eden
10.3%

Today's Daily Dose

You're not logged in!

Compare scores with friends on all Sporcle quizzes.
Join for Free
OR
Log In

You Might Also Like...

Show Comments

Extras

Top Quizzes Today


Score Distribution

Your Account Isn't Verified!

In order to create a playlist on Sporcle, you need to verify the email address you used during registration. Go to your Sporcle Settings to finish the process.

Report this User

Report this user for behavior that violates our Community Guidelines.

Details: